000 00601nam a2200229Ia 4500
003 OSt
005 20221005114519.0
006 a|||||r|||| 00| 0
007 ta
008 221004b |||||||| |||| 00| 0 eng d
024 _a66246
037 _cTextual
040 _aCRL
_cCRL
_beng
041 _2eng
_aeng
082 _aV8:1904:N3, G9
100 _aShepherd Jack
_9347389
245 0 _aAustralia's interests and policies in the Far East
260 _c1939
650 _aAUSTRALIA - HISTORY
942 _hV8:1904:N3, G9
_cTEXL
_2cc
999 _c1031551
_d1031551